000 00578nam a2200181 i 4500
001 150384
003 ES-MaACL
005 20230906203505.0
007 t|
008 071030s1973 sp ||||1| spa d
100 1 _aValabregue, Catherine.
_9112442
245 1 3 _aLa condición masculina /
_cCatherine Valabregue ; [traducción de Joaquín Fernández Bernaldo de Quirós].
250 _a[1ª ed.].
260 _aMadrid :
_bSala,
_c[1973]
300 _a130 p. ;
_c24 cm.
700 1 _aFernández Bernaldo de Quirós, Joaquín.
_949513
852 _aES-MaACL
_jC-51988
_bR.85408
999 _c150384
_d150384